Contaminated land and its reclamation (Record no. 6267)
[ view plain ]
| 000 -LEADER | |
|---|---|
| fixed length control field | 01954nam a2200337Ia 4500 |
| 001 - CONTROL NUMBER | |
| control field | ebr5006982 |
| 003 - CONTROL NUMBER IDENTIFIER | |
| control field | CaPaEBR |
| 006 - FIXED-LENGTH DATA ELEMENTS--ADDITIONAL MATERIAL CHARACTERISTICS--GENERAL INFORMATION | |
| fixed length control field | m u |
| 007 - PHYSICAL DESCRIPTION FIXED FIELD--GENERAL INFORMATION | |
| fixed length control field | cr cn||||||||| |
| 008 - FIXED-LENGTH DATA ELEMENTS--GENERAL INFORMATION | |
| fixed length control field | 970808s1997 enka sb 001 0 eng d |
| 020 ## - INTERNATIONAL STANDARD BOOK NUMBER | |
| Cancelled/invalid ISBN | 085404230X (pbk) |
| 040 ## - CATALOGING SOURCE | |
| Original cataloging agency | CaPaEBR |
| Transcribing agency | CaPaEBR |
| 035 ## - SYSTEM CONTROL NUMBER | |
| System control number | (OCoLC)150646135 |
| 050 14 - LIBRARY OF CONGRESS CALL NUMBER | |
| Classification number | TD878 |
| Item number | .C662 1997beb |
| 245 00 - TITLE STATEMENT | |
| Title | Contaminated land and its reclamation |
| Medium | [electronic resource] / |
| Statement of responsibility, etc | editors, R.E. Hester and R.M. Harrison. |
| 260 ## - PUBLICATION, DISTRIBUTION, ETC. (IMPRINT) | |
| Place of publication, distribution, etc | Cambridge : |
| Name of publisher, distributor, etc | Royal Society of Chemistry, |
| Date of publication, distribution, etc | c1997. |
| 300 ## - PHYSICAL DESCRIPTION | |
| Extent | xv, 145 p. : |
| Other physical details | ill. |
| 490 1# - SERIES STATEMENT | |
| Series statement | Issues in environmental science and technology ; |
| Volume number/sequential designation | 7 |
| 504 ## - BIBLIOGRAPHY, ETC. NOTE | |
| Bibliography, etc | Includes bibliographical references and index. |
| 505 0# - FORMATTED CONTENTS NOTE | |
| Title | Overview : context, calculating risk and using consultants/ |
| Statement of responsibility | Peter J. Young, Simon Pollard and Phillip Crowcroft-- |
| Title | UK government policy and controls/ |
| Statement of responsibility | Mary R. Harris and Judith Denner-- |
| Title | Remediation methods for contaminated sites/ |
| Statement of responsibility | Peter A. Wood-- |
| Title | Land reclamation after coal-mining operations/ |
| Statement of responsibility | David L. Rimmer and Alan Younger-- |
| Title | Remediation of lead-, zinc- and cadmium-contaminated soils/ |
| Statement of responsibility | Michael Lambert ... [et al.]-- |
| Title | Risk assessment and management strategies/ |
| Statement of responsibility | Gwyn Griffiths and Steve Smith-- |
| Title | Legal liabilities and insurance aspects of contaminated land/ |
| Statement of responsibility | Anthony J. Lennon. |
| 533 ## - REPRODUCTION NOTE | |
| Type of reproduction | Electronic reproduction. |
| Place of reproduction | Palo Alto, Calif. : |
| Agency responsible for reproduction | ebrary, |
| Date of reproduction | 2013. |
| Note about reproduction | Available via World Wide Web. |
| -- | Access may be limited to ebrary affiliated libraries. |
| 650 #0 - SUBJECT ADDED ENTRY--TOPICAL TERM | |
| Topical term or geographic name as entry element | Soil pollution |
| Geographic subdivision | Great Britain. |
| Topical term or geographic name as entry element | Soil remediation |
| Geographic subdivision | Great Britain. |
| Topical term or geographic name as entry element | Reclamation of land. |
| 655 #7 - INDEX TERM--GENRE/FORM | |
| Genre/form data or focus term | Electronic books. |
| Source of term | local |
| 700 1# - ADDED ENTRY--PERSONAL NAME | |
| Personal name | Hester, R. E. |
| Fuller form of name | (Ronald E.) |
| Personal name | Harrison, Roy M., |
| Dates associated with a name | 1948- |
| 710 2# - ADDED ENTRY--CORPORATE NAME | |
| Corporate name or jurisdiction name as entry element | ebrary, Inc. |
| 830 #0 - SERIES ADDED ENTRY--UNIFORM TITLE | |
| Uniform title | Issues in environmental science and technology ; |
| Volume number/sequential designation | 7. |
| 856 40 - ELECTRONIC LOCATION AND ACCESS | |
| Uniform Resource Identifier | <a href="http://site.ebrary.com/lib/rucke/Doc?id=5006982">http://site.ebrary.com/lib/rucke/Doc?id=5006982</a> |
| Public note | An electronic book accessible through the World Wide Web; click to view |
No items available.
